=LDR 00000nam 2200000 4500 =001 INLIS000000000060126 =005 20220106074906 =035 ##$$a 0010-0122000062 =007 ta =008 220106###########################0#ind## =020 ##$$a 978-979-007-346-3 =082 ##$$a R.622.026 =084 ##$$a R.622.026 Ind u =245 ##$$a Undang - Undang RI No. 4 th 2009 Ttg Pertambangan Mineral dan Batu Bara /$c Indonesia =300 ##$$a 246 halaman ; $c 21 cm =650 #4$$a Pertambangan Mineral dan Batubara - Undang2 dan Peraturan =264 ##$$a Jakarta :$b Sinar Grafika,$c 2010 =336 ##$$a teks$2 rdacontent =337 ##$$a lain-lain$2 rdamedia =338 ##$$a lain-lain$2 rdacarrier =990 ##$$a 08030803 =990 ##$$a 01770177